|
|
|
|
| LEADER |
01118nam a22003011 4500 |
| 001 |
c000075026 |
| 003 |
CARM |
| 005 |
00000000000000.0 |
| 008 |
700114s1969 nyu 000 1 eng |
| 010 |
|
|
|a 69012047 //r933
|
| 019 |
1 |
|
|a 717990
|z 45872905
|5 LACONCORD2021
|
| 035 |
|
|
|a (OCoLC)36106
|5 LACONCORD2021
|
| 041 |
1 |
|
|a engfre
|
| 050 |
0 |
0 |
|a PZ3.S5892
|b Maeo
|a PQ2637.I53
|
| 082 |
0 |
0 |
|a 843/.9/12
|
| 100 |
1 |
|
|a Simenon, Georges,
|d 1903-
|
| 240 |
1 |
0 |
|a Maigret a Vichy.
|l English
|
| 245 |
1 |
0 |
|a Maigret in Vichy.
|c Translated from the French by Eileen Ellenbogen.
|
| 250 |
|
|
|a [1st ed.]
|
| 260 |
|
|
|a New York,
|b Harcourt, Brace & World
|c [1969]
|
| 300 |
|
|
|a 177 p.
|c 20 cm.
|
| 500 |
|
|
|a "A Helen and Kurt Wolff book."
|
| 650 |
|
0 |
|a Maigret, Jules (Fictitious character)
|x Fiction.
|
| 650 |
|
0 |
|a Police
|z France
|z Paris
|x Fiction.
|
| 655 |
|
7 |
|a Detective and mystery stories.
|2 gsafd
|
| 852 |
8 |
|
|b CARM
|h A2:AG31A0
|i B02787
|p 0128852
|f BK
|
| 999 |
f |
f |
|i 405ff3ce-a402-51c5-a76f-58e91f0f2c3d
|s 4ff41f63-d0b5-5a88-9552-9b01a668f8ec
|
| 952 |
f |
f |
|p Can circulate
|a CAVAL
|b CAVAL
|c CAVAL
|d CARM 1 Store
|e B02787
|f A2:AG31A0
|h Other scheme
|i book
|m 0128852
|